[Event "SPFNO K-12"]
[Site "?"]
[Date "2024.10.27"]
[Round "1"]
[White "Slava Segevich Shinkarev"]
[Black "Rafael Palathingal"]
[Result "1-0"]
[WhiteElo "1465"]
[BlackElo "1863"]
[BlackUrl ""]
[BlackCountry "US"]
[BlackTitle ""]

1. d4 Nf6 2. c4 c6 3. g3 g6 4. Nf3 Bg7 5. Bg2 d5 6. b3 dxc4 7. bxc4 O-O 8. O-O
Nbd7 9. Bb2 Nb6 10. Nbd2 Be6 11. Qc2 a5 12. a4 Rc8 13. e4 h6 14. Rab1 c5 15. d5
Bd7 16. Be5 Bxa4 17. Qa2 Nfd7 18. Bxg7 Kxg7 19. e5 e6 20. Ne4 exd5 21. cxd5 c4
22. e6 fxe6 23. dxe6 Bb3 24. Qxa5 Nf6 25. Qe5 Qd5 26. e7 Qxe4 27. exf8=Q+ Rxf8
28. Qxe4 Nxe4 29. Nd4 Nd2 30. Ne6+ Kf7 31. Nxf8 Nxb1 32. Rxb1 Kxf8 33. Kf1 (33.
Bxb7) 33... Na4 34. Bxb7 Nc3 35. Ra1 Na2 (35... Ke7 36. Ke1) 36. Ke1 Ke7 37. Kd2
c3+ 38. Kd3 c2 39. Kd2 c1=Q+ 40. Rxc1 Nxc1 41. Kxc1 Kf6 42. Kd2 g5 43. Ke3 Be6
44. Bf3 Ke5 45. Bh5 Kf6 46. f4 Bd7 47. Bf3 Be8 48. Be4 Bh5 49. h3 Be8 50. Kf3
Bb5 51. fxg5+ hxg5 52. h4 gxh4 53. gxh4 1-0

[Event "Los Angeles Open Major 1900+"]
[Site "?"]
[Date "2024.11.01"]
[Round "1"]
[White "Ionatan Giurgiu"]
[Black "Rafael Palathingal"]
[Result "1-0"]
[WhiteElo "1997"]
[WhiteUrl ""]
[WhiteCountry "RO"]
[WhiteTitle ""]
[BlackElo "1872"]
[BlackUrl ""]
[BlackCountry "US"]
[BlackTitle ""]

1. e4 e5 2. Nf3 Nc6 3. Bc4 Bc5 4. c3 Nf6 5. d4 exd4 6. cxd4 Bb4+ 7. Nbd2 Nxe4 8.
d5 Nxd2 9. Bxd2 Qe7+ $2 {[%c_effect e7;square;e7;type;Mistake;persistent;true]}
10. Kf1 Na5 $4 {[%c_effect a5;square;a5;type;Blunder;persistent;true]} 11. d6 $1
{[%c_effect d6;square;d6;type;GreatFind;persistent;true]} 11... Qe4 $6
{[%c_effect e4;square;e4;type;Inaccuracy;persistent;true]} 12. Bxf7+ Kf8 13.
Bxb4 Qxb4 14. Qe2 $3 {[%c_effect e2;square;e2;type;Brilliant;persistent;true]}
14... g6 $6 {[%c_effect g6;square;g6;type;Inaccuracy;persistent;true]} 15. Qe7+
Kg7 16. Bxg6+ $3 {[%c_effect g6;square;g6;type;Brilliant;persistent;true]} 16...
Kxg6 17. Ne5+ Kf5 18. g4+ Ke4 19. Nc6+ $6 {[%c_effect
c6;square;c6;type;Inaccuracy;persistent;true]} 19... Kd5 20. Nxb4+ Kc4 $6
{[%c_effect c4;square;c4;type;Inaccuracy;persistent;true]} 21. Qe4+ Kb5 22. a4+
Kb6 23. Nd5+ Kc6 24. Nxc7+ Kxd6 25. Nb5+ Kc5 26. Qd4+ Kc6 27. Qd6# {[%c_effect
f1;square;f1;type;Winner,c6;square;c6;type;CheckmateBlack]} 1-0

[Event "Challenger's Cup "]
[Site "?"]
[Date "2024.11.10"]
[Round "1"]
[White "Yuchen Zhou"]
[Black "RAfael Palahtingal "]
[Result "0-1"]
[WhiteElo "1661"]
[BlackElo "1934"]

1. d4 d5 2. Nf3 Nf6 3. e3 c5 4. dxc5 e6 5. b4 a5 6. c3 axb4 7. cxb4 b6 8. Be2
bxc5 9. bxc5 Bxc5 10. O-O O-O 11. Nbd2 Nbd7 12. Nb3 Bd6 13. Bb2 e5 14. h3 Qe7
15. Bb5 Bb7 16. Qc2 (16. Qd2 d4 17. Nh4) 16... d4 17. Nh4 Rac8 18. Qe2 dxe3 19.
fxe3 Be4 20. Bd3 Bxd3 21. Qxd3 e4 22. Qb5 g6 23. Qg5 Nh5 24. Qg4 Ng3 25. Nf5
Nxf5 26. Rxf5 Ne5 27. Bxe5 Bxe5 28. Raf1 Bg7 29. Rxf7 Qxf7 30. Rxf7 Kxf7 31.
Qxe4 Rfe8 32. Qd5+ Kf8 33. Nc5 Re7 34. a4 Bh6 35. Ne6+ Ke8 36. Kf2 Rc2+ 37. Kf3
Rc3 38. Qa8+ Kf7 39. Nd8+ Kg7 40. a5 Rcxe3+ 41. Kf2 Re2+ 42. Kf3 Bd2 43. a6
R7e3+ 44. Kf4 Rc3+ 45. Kg4 h5+ 46. Kh4 Be1+ 47. Kg5 Re5+ 48. Kf4 Bg3#
{[%c_effect g7;square;g7;type;Winner,f4;square;f4;type;CheckmateWhite]} 0-1

[Event "Challenger's Cup"]
[Site "?"]
[Date "2024.11.10"]
[Round "2"]
[White "Rafael Palathingal"]
[Black "Gabriel Razmov"]
[Result "1/2-1/2"]
[WhiteElo "1934"]
[WhiteUrl ""]
[WhiteCountry "US"]
[WhiteTitle ""]
[BlackElo "1836"]

1. Nf3 Nf6 2. c4 e6 3. d4 d5 4. Nc3 Nbd7 5. Bg5 Be7 6. e3 b6 7. cxd5 exd5 8. Bb5
O-O 9. Bc6 Rb8 10. O-O Bb7 11. Bxb7 Rxb7 12. Ne5 Nxe5 13. dxe5 Ne4 14. Bxe7 Nxc3
15. Bxd8 Nxd1 16. Be7 Nxb2 17. Bxf8 Kxf8 18. Rab1 Nc4 19. Rfd1 c6 20. e4 dxe4
21. e6 f5 22. g4 Ke7 1/2-1/2

[Event "Challenger's Cup"]
[Site "?"]
[Date "2024.11.11"]
[Round "5"]
[White "Neevan Reddy Saddi"]
[Black "Rafael Palathingal"]
[Result "1/2-1/2"]
[WhiteElo "1720"]
[WhiteUrl ""]
[WhiteCountry "US"]
[WhiteTitle ""]
[BlackElo "1872"]
[BlackUrl ""]
[BlackCountry "US"]
[BlackTitle ""]

1. e4 e5 2. Nf3 Nc6 3. Bc4 Bc5 4. c3 Nf6 5. d3 d6 6. b4 Bb6 7. a4 a6 8. h3 h6 9.
O-O O-O 10. Be3 Bxe3 11. fxe3 Be6 12. Nbd2 Bxc4 13. Nxc4 d5 14. exd5 Nxd5 15. e4
Nxc3 16. Qc2 Nd4 17. Qd2 Nxf3+ 18. Rxf3 Qd4+ 19. Kh2 Nxe4 {[%cal dd2d1][%c_arrow
d2d1;keyPressed;none;from;d2;opacity;0.8;to;d1;persistent;false]} 20. Qe1 Ng5
21. Rg3 Rfe8 22. Rg4 Qd7 23. Rg3 e4 24. Qc3 exd3 25. h4 Ne6 26. Rxd3 Qe7 27. g3
Nf8 28. Ra2 Qe6 29. Rf2 Rad8 30. Rdf3 f6 31. Ne3 c6 32. Nf5 Qe5 33. Qc4+ Qd5 34.
Qg4 Rd7 {[%cal df5h6,dg8h7,dh6f5,dg4g6,dh5e8][%c_arrow
f5h6;keyPressed;none;from;f5;opacity;0.8;to;h6;persistent;false,g8h7;keyPressed;none;from;g8;opacity;0.8;to;h7;persistent;false,h6f5;keyPressed;none;from;h6;opacity;0.8;to;f5;persistent;false,g4g6;keyPressed;none;from;g4;opacity;0.8;to;g6;persistent;false,h5e8;keyPressed;none;from;h5;opacity;0.8;to;e8;persistent;false][%c_highlight
g6;keyPressed;none;opacity;0.8;square;g6;persistent;false,h4;keyPressed;none;opacity;0.8;square;h4;persistent;false,e8;keyPressed;none;opacity;0.8;square;e8;persistent;false]}
1/2-1/2